Kultúrne prostredie Slovenska ako faktor stratégie rozvoja cestovného ruchu

Ak sa chce Slovensko úspešne zapojiť a dlhodobo udržať na jednotnom európskom trhu cestovného ruchu, musí jeho stratégia cestovného ruchu vychádzať aj z podmienok kultúrneho prostredia a rozvoja kultúrneho cestovného ruchu. Kultúrna infraštruktúra na Slovensku ako faktor rozvoja cestovného ruchu. Fi...

Full description

Saved in:
Bibliographic Details
Main Author: Kmeco, Ľubomír
Format: Book Chapter
Language:Slovak
Subjects:
Tags: Add Tag
No Tags, Be the first to tag this record!

MARC

LEADER 00000naa$a2200000$$$4500
001 0064364
005 20221128095449.4
041 0 |a slo 
044 |a SK 
245 1 0 |a Kultúrne prostredie Slovenska ako faktor stratégie rozvoja cestovného ruchu  |c Ľubomír Kmeco 
520 |a Ak sa chce Slovensko úspešne zapojiť a dlhodobo udržať na jednotnom európskom trhu cestovného ruchu, musí jeho stratégia cestovného ruchu vychádzať aj z podmienok kultúrneho prostredia a rozvoja kultúrneho cestovného ruchu. Kultúrna infraštruktúra na Slovensku ako faktor rozvoja cestovného ruchu. Financovanie kultúry na Slovensku. Slovensko môže so svojím kultúrnym dedičstvom prispieť ku kultúrnej rozmanitosti a rozšíreniu ponuky cestovného ruchu členských štátov EÚ. 
610 2 0 |a kultúra 
610 2 0 |a financovanie 
610 2 0 |a infraštruktúra 
610 2 0 |a Slovensko 
610 2 0 |a ruch cestovný 
610 2 0 |a Európska únia 
100 1 |a Kmeco, Ľubomír